| 000 | 00762aam a2200277 4500 | ||
|---|---|---|---|
| 005 | 20231012091939.0 | ||
| 008 | 150601b2005 xxu||||| |||| 00| 0 spa d | ||
| 041 | _aESP | ||
| 082 | _a235.3 L864v2 | ||
| 100 |
_aLópez Anton, Nuria _97246 |
||
| 100 |
_aPascuet Mas, Pere _97247 |
||
| 245 | _aVivir con los ángeles | ||
| 250 | _a2 edición | ||
| 260 |
_aEspaña _bOcéano _c2006 |
||
| 300 | _a193 páginas | ||
| 650 | _aÁNGELES | ||
| 650 | _aMENSAJES DE DIOS | ||
| 650 | _aAMOR | ||
| 650 | _aALMA | ||
| 650 | _aLLAMAR A LOS ÁNGELES | ||
| 650 | _aNOMBRES DE LOS ÁNGELES | ||
| 650 | _aPRESENCIA DE LOS ÁNGELES | ||
| 650 | _aVIDA DIARIA | ||
| 650 | _aMEDITACIÓN CON ÁNGELES | ||
| 942 |
_cLIT _2ddc |
||
| 999 |
_c2449 _d2449 |
||